Teología de San Pablo (Record no. 181009)

MARC details
000 -LEADER
campo de control de longitud fija 01054nam a2200301 i 4500
001 - NÚMERO DE CONTROL
campo de control 181009
003 - IDENTIFICADOR DE NÚMERO DE CONTROL
campo de control ES-MaACL
005 - FECHA Y HORA DE LA ÚLTIMA TRANSACCIÓN
campo de control 20231219062538.0
008 - DATOS DE LONGITUD FIJA--INFORMACIÓN GENERAL
campo de control de longitud fija 121001s2008 sp |||| | spa d
020 ## - NÚMERO INTERNACIONAL ESTÁNDAR DEL LIBRO
Número Internacional Estándar del Libro 978-84-7057-538-9
080 ## - NÚMERO DE LA CLASIFICACIÓN DECIMAL UNIVERSAL
Número de la Clasificación Decimal Universal 929 Pablo, Santo
080 ## - NÚMERO DE LA CLASIFICACIÓN DECIMAL UNIVERSAL
Número de la Clasificación Decimal Universal 227.1.08
100 1# - ENTRADA PRINCIPAL--NOMBRE DE PERSONA
Nombre de persona Fitzmyer, Joseph A.
9 (RLIN) 51076
245 10 - MENCIÓN DEL TÍTULO
Título Teología de San Pablo
Resto del título : síntesis y perspectivas /
Mención de responsabilidad, etc. Joseph A. Fitzmyer.
260 ## - PUBLICACIÓN, DISTRIBUCIÓN, ETC.
Lugar de publicación, distribución, etc. Madrid :
Nombre del editor, distribuidor, etc. Cristiandad,
Fecha de publicación, distribución, etc. [2008]
300 ## - DESCRIPCIÓN FÍSICA
Extensión 199 p. ;
Dimensiones 21 cm.
490 1# - MENCIÓN DE SERIE
Mención de serie Teología sistemática
500 ## - NOTA GENERAL
Nota general Índice.
504 ## - NOTA DE BIBLIOGRAFÍA, ETC.
Nota de bibliografía, etc. Bibliografía: p. [43]-44, [189]-190.
505 8# - NOTA DE CONTENIDO CON FORMATO
Nota de contenido con formato Contiene: Vida de San Pablo - Teología de San Pablo
600 07 - PUNTO DE ACCESO ADICIONAL DE MATERIA--NOMBRE DE PERSONA
Nombre de persona Pablo
Títulos y otros términos asociados al nombre Santo.
9 (RLIN) 88088
630 07 - PUNTO DE ACCESO ADICIONAL DE MATERIA--TÍTULO UNIFORME
Título uniforme Biblia.
Nombre de parte o sección de la obra N.T.
-- Epístolas de Pablo-
Subdivisión general Teología.
9 (RLIN) 151492
830 0# - PUNTO DE ACCESO ADICIONAL DE SERIE-TÍTULO UNIFORME
Título uniforme Teología sistemática
9 (RLIN) 224673
852 ## - LOCALIZACIÓN
Ubicación ES-MaACL
Número de control de estantería A-12227
itemnumber 187890
Sublocalización o colección R.148540
Ubicación en estantería Depósito 1
Signatura antigua Olim: N-5232
Encuadernación Donacion:Jose Luis Abellán
903 ## - NOMBRE PERSONAL DE DONANTE
a Abellán, José Luis,
d 1933-2023
e Donante
q 1
9 176509
942 ## - ELEMENTOS DE ENTRADA SECUNDARIOS (KOHA)
Fuente del sistema de clasificación o colocación Clasificación decimal universal
Holdings
Estatus retirado Estado de pérdida Fuente del sistema de clasificación o colocación Estado de daño No para préstamo Biblioteca de origen Biblioteca actual Ubicación en estantería Fecha de adquisición Fuente de adquisición Número de control de estantería Total de préstamos Signatura topográfica completa Código de barras Visto por última vez Precio de reemplazo Tipo de ítem Koha
    Clasificación decimal universal     Biblioteca del Ateneo de Madrid Biblioteca del Ateneo de Madrid Depósito 1 01/10/2012 Donación 1   A-12227 1190216 23/02/2023 23/02/2023 Libro impreso